000 00673nam a2200205 a 4500
005 20241001080541.0
008 211022s2015 ||||||||||||||||| || u
020 _a9781452276434
040 _cCBULib
050 _aBF 204.6 Sny
100 _aSnyder, C. R
245 1 0 _aPositive psychology : the scientific and practical explorations of human strengths
_c/ by C.R. Snyder; Shane J. Lopez; Jennipher Teramoto Redrotti
250 _aThird edition
260 _aLos Angeles
_bSAGE Publications
_c2015
300 _axxvi, 571 pages : illustrations
650 _aPOSITIVE PSYCHOLOGY
700 _aLopez, Shane J
700 _aPedrotti, Jennifer Teramoto
942 _c002
999 _c82072
_d82072